| 000 | 00339nam a22001457a 4500 | ||
|---|---|---|---|
| 003 | SGT | ||
| 020 | _a978-0-07-099363-1 | ||
| 082 |
_a150 _bD18H |
||
| 100 | _aHURLOCK, ELIZABETH | ||
| 245 | _aDEVELOPMENTAL PSYCHOLOGY: A LIFE- SPAN APPROACH | ||
| 250 | _a5TH | ||
| 260 |
_aINDIA _bMCGRAW HILL _c2018 |
||
| 300 | _a477 | ||
| 942 |
_2ddc _cBK |
||
| 999 |
_c16469 _d16469 |
||